MARC

LEADER 00000nas a2200000 a 4500
001 ssj0009822
003 WaSeSS
005 20200512172242.0
006 m d
007 cr n
008 000928c19799999nyumr pss 0 0eng c
010 |a  2004233364 
016 7 |a 012433682  |2 Uk 
022 |a 1573-3432  |l 0162-3257  |y 0162-3257 
035 |a (WaSeSS)ssj0009822 
040 |a F#A  |b eng  |e pn  |c F#A  |d OCLCQ  |d GUA  |d SERSO  |d PFM  |d OCLCQ  |d DLC  |d OCLCQ  |d BUF  |d DLC  |d OCLCF  |d OCLCO  |d OCLCQ  |d TSC  |d OCLCO  |d WT2  |d OCLCA  |d U3W  |d OCLCO  |d GILDS  |d OCLCO  |d OCLCQ  |d TOF  |d OCLCO  |d AU@  |d OCLCO  |d WYU  |d OCLCO  |d UKMGB  |d OCLCA  |d VT2  |d OCLCO  |d DLC  |d OCLCO  |d DLC  |d RDF  |d OCLCA  |d OCLCQ  |d WaSeSS 
042 |a pcc 
050 0 0 |a RJ499.A1 
060 0 0 |a W1  |b JO547N 
082 0 4 |a 618.9289 
130 0 |a Journal of autism and developmental disorders (Online) 
210 1 |a J. autism dev. disord.  |b (Dordr., Online) 
222 0 |a Journal of autism and developmental disorders  |b (Dordrecht. Online) 
245 1 0 |a Journal of autism and developmental disorders  |h [electronic resource]. 
260 |3 -Aug. 2004 :  |a Norwell, MA :  |b Kluwer Academic Publishers 
260 3 |3 Oct. 2004- :  |a [New York] :  |a Springer US 
310 |a Monthly,  |b Jan. 2009- 
321 |a Frequency varies,  |b 1979-2008 
362 1 |a Print began with v. 9 (Mar. 1979). 
506 |a License restrictions may limit access. 
588 0 |a Vol. 27, issue 1 (Feb. 1997); title from contents screen (publisher's Web site, viewed Mar. 2, 2004). 
588 1 |a Vol. 49, issue 9 (Sept. 2019) (Springer Link, viewed Aug. 9, 2019). 
650 0 |a Child psychiatry  |v Periodicals. 
650 0 |a Autism in children  |v Periodicals. 
650 0 |a Child psychopathology  |v Periodicals. 
650 2 |a Autistic Disorder. 
650 2 |a Child Behavior Disorders. 
650 2 |a Child Development. 
650 2 |a Child. 
650 2 |a Infant. 
650 7 |a Autism in children.  |2 fast  |0 (OCoLC)fst00822498 
650 7 |a Child psychiatry.  |2 fast  |0 (OCoLC)fst00854531 
650 7 |a Child psychopathology.  |2 fast  |0 (OCoLC)fst00854560 
655 0 |a Electronic journals. 
776 0 8 |i Print version:  |t Journal of autism and developmental disorders  |x 0162-3257  |w (DLC) 80642110  |w (OCoLC)4147866 
780 0 0 |t Journal of autism and childhood schizophrenia  |x 2331-298X  |w (DLC) 2010247763  |w (OCoLC)281815701 
850 |a DLC 
856 4 0 |z Full text available from Research Library: 02/01/1997 to 1 year ago  |u https://search.proquest.com/publication/48401